000 00372nam a2200157Ia 4500
008 230524s9999 xx 000 0 und d
082 _a621.3829
_bBIS
100 _aNripendra N.Biswas
245 0 _aLogic Design Theory
250 _a1ST
260 _aNEW DELHI
_bPHI
_c2005
300 _aIX;303
500 _aQuantity Number: 2
650 _aElectronics
942 _cBK
999 _c34424
_d34424